Návody na cvičenia z fyziológie hospodárskych zvierat

Bibliographic Details
Main Authors: Pješčak, Mikuláš, 1929-2012 (Author), Valent, Miroslav, 1946- (Author), Kollárová, E. (Author), Kováčik, J. (Author)
Format: Book
Language:Slovak
PhysicalDescription:125 s. sch., tab. 29 cm
Published: Bratislava Príroda 1979
Edition:1. vyd.
Series:Vysokoškolské učebné texty
Subjects:

MARC

LEADER 00000cam a2200000 a 4500
001 vtls001107134
003 SK-MaSNL
005 20260301104811.0
008 250313s1979 xo a p 000 0 slo
015 |a SNBA1980 
035 |a SNK000049976 
035 |a urn:nbn:sk:snk-amjtye 
035 |a urn:nbn:sk:snk-am00813w 
035 |a 4F4D6049-12F2-49BD-B347-0E288649D710 
040 |a SNK  |b slo  |c SNK  |e AACR2 
041 0 |a slo 
044 |a xo  |c SK 
080 |a 619:591.1:636.1/.5(075.8)(076.5)  |2 1981 
080 |a 591.1  |2 1981 
080 |a 636.1/.5(075.8)(076.5)  |2 1981 
080 |a 636.1/.5  |2 1981 
080 |a (591.1075.8)(076.5)  |2 1981 
245 0 0 |a Návody na cvičenia z fyziológie hospodárskych zvierat  |c aut.: M. Pješčak ... [et al.] 
250 |a 1. vyd. 
260 |a Bratislava  |b Príroda  |c 1979 
300 |a 125 s.  |b sch., tab.  |c 29 cm 
366 |e 400 výt. 
490 1 |a Vysokoškolské učebné texty 
500 |a Vyd. pre VŠP v Nitre 
650 0 7 |a hospodárske zvieratá  |2 SNKPH  |9 1097 
655 7 |a praktické cvičenia  |2 SNKPH  |9 70517 
655 7 |a učebnice vysokých škôl  |2 SNKPH  |9 70191 
700 1 |a Pješčak, Mikuláš,  |d 1929-2012  |4 aut  |9 5651 
700 1 |a Valent, Miroslav,  |d 1946-  |4 aut  |9 38848 
700 1 |a Kollárová, E.  |4 aut  |9 444086 
700 1 |a Kováčik, J.  |4 aut  |9 389633 
830 0 |a Vysokoškolské učebné texty  |9 276539 
852 |a Slovenská národná knižnica 
958 |a OND 
999 |c 699166  |d 701096 
952 |a SNK  |b SNK  |y PREZ  |7 0  |p 17A0972948  |o snkSB 29165  |i snkKSP 625/80  |0 0  |1 0  |4 0  |d 2014-10-01  |f 1  |l 0  |r 2025-04-03 00:00:00  |w 2026-02-23 
952 |a SNK  |b SNK  |y VYP  |7 0  |o snkSB 29165 D1  |i snkKSP 626/80  |0 0  |1 0  |4 0  |d 2014-10-01  |l 0  |r 2026-02-23 20:52:38  |w 2026-02-23